[Event "Meridian Invitational"]
[Site "Meridian, ID"]
[Date "2011.08.20"]
[Round "1.1"]
[White "Kircher, Caleb Paul"]
[Black "Edvalson, Paul"]
[Result "1-0"]
[WhiteElo "1753"]
[BlackElo "1508"]

1. f4 f5 2. e3 Nf6 3. b3 g6 4. Bb2 Bg7 5. Nf3 d6 6. g3 c5 7. Bg2 Nc6 8. O-O
O-O 9. Qe2 Qe8 10. Ng5 d5 11. Bxf6 Bxf6 12. c3 e5 13. Bxd5+ Kg7 14. Nh3 Be6
15. Bxe6 Qxe6 16. Na3 a6 17. Nc4 e4 18. Nb6 Rad8 19. Rad1 Ne7 20. Nc4 Rd3 21.
Nb2 Rd7 22. d4 Nd5 23. Qe1 cxd4 24. cxd4 Rc8 25. Nc4 b5 26. Ne5 Bxe5 27. Ng5
Qe7 28. dxe5 h6 29. e6 Rd6 30. Nf7 Nxe3 31. Rxd6 Nxf1 32. Qxf1 Rf8 33. Qd1
Qa7+ 34. Kg2 Qe3 35. Kh3 Qf2 36. Qa1+ Kg8 37. Qh8# 1-0

[Event "Meridian Invitational"]
[Site "Meridian, ID"]
[Date "2011.08.20"]
[Round "2.3"]
[White "Edvalson, Paul"]
[Black "Lang, Jamie"]
[Result "1-0"]
[WhiteElo "1508"]
[BlackElo "1321"]

1. e4 e5 2. Nc3 Nf6 3. f4 d6 4. Nf3 exf4 5. d4 Bg4 6. Bxf4 Be7 7. h3 Bh5 8.
Bc4 Nc6 9. Bb5 a6 10. Bxc6+ bxc6 11. Qe2 O-O 12. O-O-O a5 13. g4 Bg6 14. Rdg1
Nd7 15. h4 f6 16. h5 Bf7 17. Nh4 d5 18. Nf5 Bb4 19. Nd1 dxe4 20. Qxe4 Bd5 21.
Qd3 Bxh1 22. Rxh1 Nb6 23. h6 g6 24. Nfe3 Nd5 25. Bg3 Bd6 26. Bf2 Bf4 27. Qc4
Qd6 28. Kb1 Kh8 29. c3 Rfe8 30. Nc2 Nb6 31. Qd3 Red8 32. Re1 Bxh6 33. Rh1 Bg5
34. Qxg6 Qd7 35. Nde3 Rg8 36. Qh5 Nd5 37. Nf5 Rad8 38. Nh6 Bxh6 39. Qxh6 Qxg4
{#r} 1-0

[Event "Meridian Invitational"]
[Site "Meridian, ID"]
[Date "2011.08.20"]
[Round "3.2"]
[White "Niro III, Frank A"]
[Black "Edvalson, Paul"]
[Result "1/2-1/2"]
[WhiteElo "1703"]
[BlackElo "1508"]

1. e4 e6 2. d4 d5 3. Nc3 Nf6 4. e5 Ne4 5. Nxe4 dxe4 6. Bb5+ Bd7 7. Bxd7+ Qxd7
8. Ne2 c5 9. O-O cxd4 10. Qxd4 Qxd4 11. Nxd4 a6 12. Bg5 Nd7 13. f4 exf3 14.
Nxf3 Be7 15. Rae1 Bxg5 16. Nxg5 O-O 17. Rf3 Rac8 18. c3 Rc5 19. Rfe3 Nb6 20.
Nf3 Nd5 21. Re4 Rfc8 22. Nd4 b5 23. Nb3 Rc4 24. Kf2 Kf8 {#d} 1/2-1/2

[Event "Meridian Invitational"]
[Site "Meridian, ID"]
[Date "2011.08.20"]
[Round "4.3"]
[White "Edvalson, Paul"]
[Black "Myers, Hugh S"]
[Result "1-0"]
[WhiteElo "1508"]
[BlackElo "1600"]

1. Nf3 Nf6 2. g3 e6 3. Bg2 Be7 4. d3 d5 5. Nbd2 O-O 6. O-O c5 7. e4 dxe4 8.
dxe4 Nc6 9. c3 e5 10. Qe2 Qc7 11. a4 Bg4 12. h3 Bh5 13. g4 Bg6 14. Nc4 h6 15.
g5 hxg5 16. Nxg5 Nd7 17. Ne3 Nf6 18. Nd5 Rad8 19. Nxc7 {#r} 1-0

[Event "WIO (Open)"]
[Site "Boise, ID"]
[Date "2011.12.10"]
[Round "1.3"]
[White "Weyland, Phil"]
[Black "Edvalson, Paul"]
[Result "1-0"]
[WhiteElo "1863"]
[BlackElo "1551"]

1. d4 f5 2. c4 Nf6 3. Nc3 d6 4. Nf3 g6 5. g3 Bg7 6. Bg2 O-O 7. O-O Nc6 8. b3
Ne4 9. Bb2 Nxc3 10. Bxc3 e5 11. dxe5 dxe5 12. Qxd8 Rxd8 13. Ng5 Ne7 14. Rfd1
Rxd1+ 15. Rxd1 e4 16. Rd8+ Bf8 17. Bb4 Kg7 18. Ne6+ Bxe6 19. Rxa8 a6 20. Rb8
b6 21. Rb7 a5 22. Bc3+ Kf7 23. Rxc7 Ke8 24. Bd4 Nc8 25. f3 Kd8 26. Rxh7 exf3
27. Bxf3 a4 28. Bb7 axb3 29. axb3 Bc5 30. Bxc5 bxc5 31. Bxc8 Kxc8 32. Rg7 f4
33. Rxg6 Bf5 34. Rc6+ Kd7 35. Rxc5 Bc2 36. b4 fxg3 37. hxg3 {#r} 1-0

[Event "WIO (Open)"]
[Site "Boise, ID"]
[Date "2011.12.10"]
[Round "3.3"]
[White "Edvalson, Paul"]
[Black "Douglas, Kurt P"]
[Result "1/2-1/2"]
[WhiteElo "1551"]
[BlackElo "1763"]

1. e4 c5 2. Nc3 d6 3. f4 Nc6 4. Bb5 Bd7 5. Nf3 Nf6 6. e5 dxe5 7. fxe5 Ng8 8.
O-O e6 9. d3 Nge7 10. Ne4 Nf5 11. Bg5 Be7 12. Bxe7 Qxe7 13. Qd2 a6 14. Bxc6
Bxc6 15. g4 Bxe4 16. dxe4 Nh4 17. Qd6 Nxf3+ 18. Rxf3 Rd8 19. Qxe7+ Kxe7 20.
Raf1 Rhf8 21. Rd3 Rxd3 22. cxd3 Rd8 23. Rd1 Rd4 24. Kf2 {#d} 1/2-1/2

[Event "WIO (Open)"]
[Site "Boise, ID"]
[Date "2011.12.11"]
[Round "5.3"]
[White "Edvalson, Paul"]
[Black "Lundy III, George"]
[Result "1/2-1/2"]
[WhiteElo "1551"]
[BlackElo "1461"]

1. e4 e5 2. Nc3 c6 3. f4 d6 4. Nf3 Nd7 5. Bc4 Be7 6. d4 exd4 7. Nxd4 Ngf6 8.
Nf5 O-O 9. Nxd6 Nb6 10. e5 Nxc4 11. Nxc4 Qxd1+ 12. Kxd1 Bg4+ 13. Ke1 Nh5 14.
Kf2 Bc5+ 15. Be3 Bxe3+ 16. Kxe3 Rfe8 17. Nd6 Re7 18. h3 Ng3 19. Rhe1 Nf5+ 20.
Nxf5 Bxf5 21. Re2 Rd8 22. g4 Be6 23. Rd1 Rxd1 24. Nxd1 Rd7 25. Nc3 Bc4 26. Rd2
Rxd2 27. Kxd2 Bf1 28. h4 Bh3 29. g5 Bf5 30. Ne2 g6 31. c3 Kf8 32. Nd4 Bd7 33.
Ke3 Ke7 34. Ke4 b6 35. f5 c5 36. e6 gxf5+ {#d} 1/2-1/2

[Event "Winter Warmup Invitational"]
[Site "Meridian, ID"]
[Date "2012.01.21"]
[Round "3.6"]
[White "Patterson, Kevin R"]
[Black "Edvalson, Paul"]
[Result "0-1"]
[WhiteElo "1176"]
[BlackElo "1551"]

1. e4 e5 2. Nf3 Nc6 3. Bc4 Nf6 4. Nc3 Bb4 5. d3 d5 6. a3 Bxc3+ 7. bxc3 dxc4 8.
O-O cxd3 9. cxd3 Bg4 10. h3 Bh5 11. g4 Bg6 12. Qb3 O-O 13. Rd1 Qd7 14. Nh2 a5
15. Bg5 Ne8 16. Qc2 Nd6 17. Qe2 Rfe8 18. h4 f6 19. h5 Bf7 20. Bh4 Bb3 21. Rd2
Nb5 22. c4 Nbd4 23. Qf1 a4 24. Rc1 b6 25. f3 Qd6 26. Qg2 Qxa3 27. Rf1 Qc5 28.
Kh1 a3 29. Rff2 Nb4 30. h6 a2 31. Rxa2 Nxa2 32. g5 Nb4 33. hxg7 Nxd3 34. Ng4
Nxf2+ 35. Bxf2 Ra1+ 36. Kh2 Kxg7 37. gxf6+ Kf7 38. Qh3 Rh8 39. Qh5+ Ke6 40.
Kg3 Ne2+ 41. Kg2 Nf4+ {#R} 0-1

[Event "Winter Warmup Invitational"]
[Site "Meridian, ID"]
[Date "2012.01.21"]
[Round "4.2"]
[White "Edvalson, Paul"]
[Black "Kirk, Patrick T"]
[Result "0-1"]
[WhiteElo "1551"]
[BlackElo "1651"]

1. e4 c5 2. Nf3 d6 3. c3 Bg4 4. Be2 Nf6 5. d4 Nxe4 6. Be3 Qa5 7. O-O cxd4 8.
cxd4 Nd7 9. h3 Bh5 10. Qb3 a6 11. Qxb7 Rb8 12. Qxe4 d5 13. Qc2 e6 14. Nbd2 Be7
15. Nb3 Qb6 16. Ne5 Nxe5 17. dxe5 Bg6 18. Bxb6 Bxc2 19. Rac1 Bxb3 20. axb3
Rxb6 21. Rc8+ Bd8 22. Ra1 O-O 23. Rxa6 Rxb3 24. Raa8 Be7 25. Rxf8+ Bxf8 26.
Ra2 g6 27. Bd1 Rd3 28. Be2 Rd2 29. Kf1 Bb4 30. f4 Kg7 31. g4 Bc3 32. f5 Bxe5
33. Ke1 Rxb2 34. Rxb2 Bxb2 35. fxe6 fxe6 36. Kd2 Bf6 37. Kd3 g5 38. Bf3 h6 39.
Ke3 Be5 40. Bg2 Kf6 41. Bxd5 exd5 {#R} 0-1

[Event "Idaho Closed"]
[Site "Boise, ID"]
[Date "2012.02.19"]
[Round "3.9"]
[White "Puderbaugh, Kory"]
[Black "Edvalson, Paul"]
[Result "1-0"]
[WhiteElo "785"]
[BlackElo "1597"]

1. e4 c5 2. Nf3 g6 3. d4 cxd4 4. Nxd4 Bg7 5. Be2 Nc6 6. Be3 Nf6 7. Nc3 d5 8.
f3 Qb6 9. Qd2 dxe4 10. Nxc6 Qxb2 11. Rb1 Qxb1+ 12. Nxb1 bxc6 13. O-O Be6 14.
Nc3 Rd8 15. Qc1 exf3 16. Bxf3 Nd5 17. Nxd5 cxd5 18. Bxa7 Ra8 19. Be3 Rxa2 20.
Be2 O-O 21. Bh6 Bd4+ 22. Kh1 Rc8 23. Bd3 Rc3 24. Qe1 Ra8 25. Be3 Bg7 26. Qh4
Rc7 27. Bd4 f6 28. Kg1 Bf7 29. Rb1 e5 30. Be3 e4 31. Be2 Rxc2 32. Qe1 h6 33.
Rc1 Rb2 34. Bd4 Rb7 35. Qc3 Rd8 36. Ba6 Rbd7 37. Kf2 Bh8 38. Qb2 Rd6 39. Rc8
Rxc8 40. Bxc8 Rd8 41. Ba6 Bg7 42. Qb6 Re8 43. Bb7 Kh7 44. Qc7 Kg8 45. Qd7 Kf8
46. Bc5+ Kg8 47. Bxd5 Bxd5 48. Qxe8+ Kh7 49. Ke3 f5 50. Qe7 {#r} 1-0

[Event "MH Spring Tourny"]
[Site "Mountain Home, ID"]
[Date "2012.04.28"]
[Round "1.3"]
[White "Edvalson, Paul"]
[Black "Westcott, Thomas"]
[Result "1-0"]
[WhiteElo "1598"]
[BlackElo "1000"]

1. e4 e5 2. Nc3 Nc6 3. f4 Bc5 4. Nf3 d6 5. Bb5 a6 6. Bxc6+ bxc6 7. fxe5 Nh6 8.
d4 Bxd4 9. Qxd4 dxe5 10. Qxe5+ Qe7 11. Qxg7 Rg8 12. Qxh6 Rxg2 13. Qxc6+ Kf8
14. Bh6+ Kg8 15. Qxa8 Qe6 16. Bd2 Qg4 17. O-O-O Kg7 18. Rhf1 f6 19. e5 Kf7 20.
exf6 Be6 21. Ne5# 1-0

[Event "ICA Players Mem-Open"]
[Site "Boise, ID"]
[Date "2012.05.19"]
[Round "1.4"]
[White "Edvalson, Paul"]
[Black "Douglas, Kurt P"]
[Result "0-1"]
[WhiteElo "1565"]
[BlackElo "1763"]

1. Nf3 d5 2. g3 Nf6 3. Bg2 e6 4. d3 Be7 5. O-O O-O 6. Nbd2 Nbd7 7. Re1 c5 8.
e4 dxe4 9. dxe4 e5 10. Nc4 Qc7 11. a4 Rd8 12. Qe2 Ne8 13. b3 f6 14. Ne3 Nf8
15. Nd5 Qd6 16. Nh4 Ng6 17. Nxg6 hxg6 18. Be3 Qe6 19. Nc7 Nxc7 20. f4 Bd6 21.
Rad1 Qe7 22. h4 Ne6 23. h5 gxh5 24. Qxh5 exf4 25. gxf4 Nxf4 26. Bxf4 Bxf4 27.
Rxd8+ Qxd8 28. Qxc5 Qd6 29. Qh5 Qe5 30. Qf3 Be6 31. Rd1 Rc8 32. c4 g5 33. Qd3
Bg4 34. Re1 Qd6 35. Qd5+ Qxd5 36. exd5 Kf7 37. d6 Bxd6 38. Bd5+ Kg6 39. Bxb7
Rc7 40. Bd5 Re7 41. Rb1 Bb4 42. Rc1 Re1+ 43. Rxe1 Bxe1 44. c5 Kf5 45. c6 Ke5
46. Bg2 Kd6 47. Kf1 Bb4 48. Kf2 Bd1 {#R} 0-1

[Event "ICA Players Mem-Open"]
[Site "Boise, ID"]
[Date "2012.05.19"]
[Round "2.7"]
[White "Myers, Hugh S"]
[Black "Edvalson, Paul"]
[Result "0-1"]
[WhiteElo "1520"]
[BlackElo "1565"]

1. e4 c5 2. f4 d5 3. e5 Nc6 4. Nf3 Bg4 5. Be2 g6 6. O-O Bg7 7. c3 Nh6 8. d3
Nf5 9. Ng5 Bxe2 10. Qxe2 h6 11. Nf3 Qb6 12. b3 O-O 13. g4 c4+ 14. d4 Nfxd4 15.
Nxd4 Nxd4 16. cxd4 Qxd4+ 17. Be3 Qxa1 18. Nd2 Qxa2 19. bxc4 dxc4 20. Qxc4 Qxc4
21. Nxc4 Rac8 22. Nb2 a6 23. Nd1 Rfd8 24. Bb6 Rd2 25. Be3 Rdc2 26. h4 b5 27.
Rf3 a5 28. f5 Rd8 29. Nf2 Rb8 30. e6 fxe6 31. Ne4 exf5 32. gxf5 b4 33. f6 exf6
34. Nxf6+ Kh8 35. Ng4 Rc3 36. Kg2 b3 37. Nxh6 Rf8 38. Rxf8+ Bxf8 39. Bd4+ Bg7
40. Bxc3 Bxc3 {#R} 0-1

[Event "ICA Players Mem-Open"]
[Site "Boise, ID"]
[Date "2012.05.20"]
[Round "4.3"]
[White "Olsoy, Peter John"]
[Black "Edvalson, Paul"]
[Result "1-0"]
[WhiteElo "1615"]
[BlackElo "1565"]

1. d4 f5 2. c4 Nf6 3. Nc3 e6 4. Bg5 Be7 5. Nf3 d5 6. e3 Nbd7 7. Be2 c6 8. O-O
Ne4 9. Bxe7 Qxe7 10. Qc2 O-O 11. Nxe4 fxe4 12. Nd2 e5 13. dxe5 Nxe5 14. cxd5
cxd5 15. Nb3 Qg5 16. Kh1 b6 17. Nd4 Bd7 18. Qb3 Ng6 19. f4 exf3 20. Bxf3 Kh8
21. Bxd5 Rae8 22. e4 Nf4 23. Qf3 Bg4 24. Qg3 Nxd5 25. Rxf8+ Rxf8 26. Ne6 Qf6
27. Nxf8 Qxb2 28. Re1 Qb4 29. exd5 Qxf8 30. Qxg4 {#r} 1-0

[Event "ICA Players Mem-Open"]
[Site "Boise, ID"]
[Date "2012.05.20"]
[Round "5.4"]
[White "Roland, Jeffrey T"]
[Black "Edvalson, Paul"]
[Result "0-1"]
[WhiteElo "1700"]
[BlackElo "1565"]

1. d4 Nf6 2. Nf3 g6 3. g3 Bg7 4. Bg2 O-O 5. c4 d6 6. O-O c6 7. Nc3 Qa5 8. Bd2
Qa6 9. b3 Be6 10. Ng5 Bd7 11. e4 e5 12. dxe5 dxe5 13. Nf3 Re8 14. h3 h6 15.
Be3 Nh7 16. Qd2 h5 17. Rad1 Be6 18. Ng5 Nxg5 19. Bxg5 Nd7 20. Be3 Qa5 21. f4
exf4 22. Bd4 fxg3 23. Qe3 a6 24. Bxg7 Kxg7 25. Qxg3 Rad8 26. Kh1 Qe5 27. Qe3
Nf6 28. Ne2 Rxd1 29. Rxd1 b5 30. cxb5 axb5 31. Nf4 Bc8 32. Nd3 Qe7 33. e5 Nd5
34. Bxd5 cxd5 35. Qd4 Kg8 36. h4 Bf5 37. Nf2 Be4+ 38. Nxe4 Qxh4+ 39. Kg2 Qxe4+
40. Qxe4 dxe4 41. Rd5 Ra8 {#R} 0-1

[Event "Meridian Invitational"]
[Site "Meridian, ID"]
[Date "2012.06.23"]
[Round "1.2"]
[White "Roland, Jeffrey T"]
[Black "Edvalson, Paul"]
[Result "1-0"]
[WhiteElo "1706"]
[BlackElo "1565"]

1. e4 c6 2. d4 d5 3. exd5 cxd5 4. c4 Nf6 5. Nc3 Bf5 6. Qb3 Nc6 7. cxd5 Nxd4 8.
Qa4+ b5 9. Qxd4 a6 10. Bg5 e6 11. Bxf6 gxf6 {#r} 1-0

[Event "ICA Sumr Classic (Open)"]
[Site "Boise, ID"]
[Date "2012.07.15"]
[Round "5.6"]
[White "Edvalson, Paul"]
[Black "Roland, Jeffrey T"]
[Result "0-1"]
[WhiteElo "1624"]
[BlackElo "1700"]

1. e4 e5 2. Nc3 Nc6 3. f4 exf4 4. Nf3 g5 5. h4 g4 6. Ng5 h6 7. Nxf7 Kxf7 8.
Bc4+ d5 9. Bxd5+ Ke8 10. d4 Nf6 11. Bb3 Nxd4 12. Bxf4 Nxb3 13. axb3 c6 14. Qe2
Be6 15. O-O Be7 16. Be3 Nh5 17. Rfd1 Qc7 18. Rxa7 Rxa7 19. Bxa7 b6 20. Qa6
Bc5+ 21. Kf1 Qf4+ 22. Ke2 Qe3+ 23. Kf1 Rf8# 0-1

[Event "WIO (Open)"]
[Site "Boise, ID"]
[Date "2012.12.08"]
[Round "1.3"]
[White "Edvalson, Paul"]
[Black "Sinanan, Joshua"]
[Result "0-1"]
[WhiteElo "1545"]
[BlackElo "2252"]

1. d4 Nf6 2. Nf3 e6 3. Bg5 h6 4. Bh4 c5 5. e3 Qb6 6. Bxf6 gxf6 7. b3 d5 8.
Nbd2 Nc6 9. c3 Bd7 10. Bd3 cxd4 11. exd4 Ba3 12. Rb1 a5 13. Qe2 O-O-O 14. O-O
Kb8 15. Rfd1 Rc8 16. Qe3 e5 17. Bf1 e4 18. Ne1 Bd6 19. Nc2 Qc7 20. g3 f5 21.
c4 f4 22. Qc3 fxg3 23. hxg3 Rhg8 24. Bg2 Bxg3 25. cxd5 Bxf2+ 26. Kxf2 Qf4+ 27.
Kg1 Rxg2+ 28. Kxg2 Rg8+ 29. Kh1 Qh4+ {#R} 0-1

[Event "ICA Summer Classic (Open)"]
[Site "Boise, ID"]
[Date "2013.08.17"]
[Round "2.9"]
[White "Edvalson, Paul"]
[Black "Douglas, Kurt P"]
[Result "1/2-1/2"]
[WhiteElo "1556"]
[BlackElo "1707"]
[EventRounds "5"]
[EventCountry "USA"]

1. d4 d5 2. c4 c6 3. Nc3 Nf6 4. Bg5 Bf5 5. e3 e6 6. cxd5 exd5 7. Bd3 Bxd3 8.
Qxd3 Bb4 9. Nge2 Nbd7 10. O-O O-O 11. f3 h6 12. Bh4 Be7 13. e4 dxe4 14. fxe4
Ne5 15. Qc2 Ng6 16. Bg3 Nh5 17. Bf2 Bg5 18. Rad1 Qc7 19. Ng3 Nxg3 20. Bxg3 Qb6
21. Kh1 Rad8 22. Bf2 Qa5 23. Rfe1 Rd7 24. e5 Nf4 25. Ne4 Be7 26. a3 Ne6 27.
Be3 Rfd8 28. Qf2 Nxd4 29. Rf1 Qxe5 30. Qxf7+ Kh8 31. Qg6 Qe6 32. Qxe6 Nxe6 33.
Rxd7 Rxd7 34. Bxa7 Rd3 35. Bg1 Kg8 36. h3 {#d} 1/2-1/2

[Event "ICA Summer Classic (Open)"]
[Site "Boise, ID"]
[Date "2013.08.18"]
[Round "4.11"]
[White "Buus, Jarod"]
[Black "Edvalson, Paul"]
[Result "0-1"]
[WhiteElo "1201"]
[BlackElo "1556"]
[EventRounds "5"]
[EventCountry "USA"]

1. e4 c5 2. Nf3 Nc6 3. d4 cxd4 4. Nxd4 Nf6 5. Nc3 e5 6. Nf3 Bb4 7. Bd3 Bxc3+
8. bxc3 O-O 9. Ba3 Re8 10. Rb1 d5 11. Qe2 Qa5 12. Bb4 Qxa2 13. O-O dxe4 14.
Bxe4 Nxe4 15. Qxe4 f5 16. Qe2 e4 17. Nd4 Nxb4 18. cxb4 Qd5 19. Nb5 Qe5 20.
Rfd1 a6 21. Ra1 Be6 22. Nd6 Re7 23. c4 Rd8 24. c5 Bd5 25. Qd2 Bb3 26. Rdc1 Be6
27. Ra3 Red7 28. Rd1 h6 29. Rg3 f4 30. Ra3 Kh8 31. Rc3 Kg8 32. g3 fxg3 33.
Rxg3 a5 34. bxa5 Qxc5 35. Qxh6 Qe5 36. Rg5 Bf5 37. Rxf5 Qxf5 38. Qe3 Qg4+ {#R}
0-1

[Event "ICA Summer Classic (Open)"]
[Site "Boise, ID"]
[Date "2013.08.18"]
[Round "5.10"]
[White "Edvalson, Paul"]
[Black "Sanderson, Kenneth"]
[Result "0-1"]
[WhiteElo "1556"]
[BlackElo "1700"]
[EventRounds "5"]
[EventCountry "USA"]

1. d4 Nf6 2. c4 e6 3. a3 c5 4. d5 d6 5. Nc3 Nbd7 6. e4 Nb6 7. Bd3 Be7 8. Nge2
Nfd7 9. f4 e5 10. f5 Bg5 11. O-O Bxc1 12. Rxc1 Nf6 13. h3 h5 14. Ng3 h4 15.
Nge2 Bd7 16. Rb1 Qe7 17. Qe1 O-O-O 18. b4 Nh5 19. Qf2 Rdg8 20. Na2 Na4 21.
Nac1 Rh6 22. Bc2 b5 23. cxb5 Bxb5 24. Bxa4 Bxa4 25. Nc3 Bd7 26. Nd3 g5 27.
bxc5 g4 28. hxg4 Rxg4 29. cxd6 Qxd6 30. Qxa7 Kd8 31. Qb8+ Qxb8 32. Rxb8+ Bc8
33. Nxe5 Rg7 34. Nb5 h3 35. Rf2 h2+ 36. Kxh2 Ng3+ 37. Kg1 Rh1# 0-1

[Event "ICA PM (Open)"]
[Site "Boise, ID"]
[Date "2013.09.22"]
[Round "5.3"]
[White "Edvalson, Paul"]
[Black "Lundy III, George W"]
[Result "1-0"]
[WhiteElo "1556"]
[BlackElo "1584"]
[EventRounds "5"]
[EventCountry "USA"]

1. Nf3 g6 2. g3 Bg7 3. c4 d6 4. d4 c5 5. Bg2 Nc6 6. d5 Nd4 7. Nxd4 Bxd4 8. Nd2
Bd7 9. O-O $2 b5 10. Nf3 Bg7 11. Qc2 Qb6 12. Re1 a5 13. e4 bxc4 14. Qxc4 Qb4
15. Qc2 Ba4 16. Qe2 Bb5 17. Qc2 a4 18. e5 Bxe5 19. Nd2 a3 20. Rb1 axb2 21.
Bxb2 Bxb2 22. Rxb2 Qa5 23. Reb1 Ba6 24. Rb8+ Rxb8 25. Rxb8+ Kd7 26. Ra8 Qb6
27. Qa4+ Bb5 28. Ra7+ Kd8 29. Ra8+ Kc7 30. Qf4 Kb7 31. Ra3 Nf6 32. Rb3 Ra8 33.
Bf1 Nxd5 34. Qxf7 Nb4 35. Qxe7+ Qc7 36. Qxc7+ Kxc7 37. Bxb5 Rxa2 38. Ne4 Nc2
39. Bc4 Ra1+ 40. Kg2 Kc6 41. Nf6 Nd4 42. Bd5+ Kc7 43. Rb7+ Kc8 44. Rxh7 Ra4
45. Ne4 {#r} 1-0

[Event "BCC Inaugural"]
[Site "Boise, ID"]
[Date "2014.03.08"]
[Round "4.4"]
[White "Lang, Jamie"]
[Black "Edvalson, Paul"]
[Result "0-1"]
[WhiteElo "1486"]
[BlackElo "1647"]

1. e4 c5 2. Nf3 Nc6 3. d4 cxd4 4. Nxd4 Nf6 5. Nc3 e5 6. Nf3 Bb4 7. Bd3 Bxc3+
8. bxc3 d5 9. exd5 Qxd5 10. Qe2 e4 11. Bc4 Qd6 12. h3 O-O 13. Ng5 Bf5 14. O-O
h6 15. Bxf7+ Rxf7 16. Nxf7 Kxf7 17. Be3 Re8 18. Rfd1 Qe5 19. Bd4 Nxd4 20. cxd4
Qd6 21. c4 b6 22. Rac1 Rc8 23. c5 bxc5 24. dxc5 Qe5 25. c6 Nd5 26. Qa6 Kg8 27.
Rc5 Rd8 28. c7 Rd6 29. Qxa7 Kh7 30. c8=Q Bxc8 31. Rxc8 e3 32. fxe3 Qe6 33.
Rcc1 Rd7 34. Qc5 Qe5 35. Rd3 Qb2 {(Time Forfeit)} {#R} 0-1

[Event "BCC #3"]
[Site "Boise, ID"]
[Date "2014.05.10"]
[Round "1.2"]
[White "Edvalson, Paul"]
[Black "Amen, Chris"]
[Result "0-1"]
[WhiteElo "1622"]
[BlackElo "1397"]
[EventRounds "4"]
[EventCountry "USA"]

1. f4 c5 2. Nf3 d5 3. b3 Nf6 4. e3 g6 5. Bb2 Bg7 6. Bb5+ Bd7 7. Bd3 O-O 8. Ne5
Be6 9. O-O Nbd7 10. f5 Bxf5 11. Bxf5 gxf5 12. Rxf5 e6 13. Rg5 Kh8 14. Nxd7
Qxd7 15. Qf3 Ne8 16. Bxg7+ Nxg7 17. Qf6 Rg8 18. Rh5 Qd8 19. Qe5 f6 {#R} 0-1

[Event "ICA Summer Classic (Open)"]
[Site "Boise, ID"]
[Date "2014.07.19"]
[Round "1.7"]
[White "Edvalson, Paul"]
[Black "Siek, Justin"]
[Result "1-0"]
[WhiteElo "1604"]
[BlackElo "955"]
[EventRounds "5"]
[EventCountry "USA"]

1. d4 d5 2. c4 c6 3. Nc3 Nf6 4. Nf3 Bf5 5. Qb3 b6 6. g3 e6 7. Bg2 Be7 8. Nh4
dxc4 9. Qxc4 Qc7 10. e4 Bg6 11. Bf4 Qd7 12. Nxg6 hxg6 13. Rd1 b5 14. Qb3 Na6
15. d5 Nc5 16. dxe6 Qxe6 17. Qxe6 fxe6 18. a3 O-O 19. O-O a5 20. Rfe1 b4 21.
axb4 axb4 22. Nb1 Ra2 23. Bd6 Re8 24. Bxe7 Rxe7 25. Nd2 Rxb2 26. Nc4 Rc2 27.
Ne5 Rb7 28. Nxc6 b3 29. Nd4 Rc4 30. e5 Nfd7 31. Bxb7 Nxb7 32. Nxb3 Nb6 33. Nd4
Nc5 34. Nb5 Rb4 35. Rd8+ Kf7 36. Nd6+ Ke7 37. Re8+ Kd7 38. Rg8 Nd3 39. Rxg7+
Kc6 40. Re3 Rb1+ 41. Kg2 Ne1+ 42. Kh3 Nc2 43. Rc3+ Kd5 44. Rxc2 Rd1 45. Rxg6
Rd4 46. f4 Nd7 47. Nc8 Nc5 48. Ne7+ Ke4 49. Rc3 Na4 50. Ra3 Nb2 51. Kg4 Nd3
52. Ra2 Nb4 53. Rg2 Nd3 54. h4 Rd7 55. Ng8 Rc7 56. Nf6+ Ke3 57. h5 Ne1 58. Rh2
Nd3 59. h6 Ra7 60. h7 Ra8 61. h8=Q Rxh8 62. Rxh8 Nf2+ 63. Kg5 Kf3 64. Nh5 Nh1
65. Rxe6 Nxg3 66. Nxg3 Kxg3 67. Rh4 Kf3 68. Ra6 Ke4 69. Ra5 Kd4 70. f5+ Kc3
71. Ra3+ Kb2 72. Rg3 Kc2 73. Rh2+ Kd1 74. Rg1# 1-0

[Event "ICA Summer Classic (Open)"]
[Site "Boise, ID"]
[Date "2014.07.19"]
[Round "2.4"]
[White "Olson, Christopher Ronald"]
[Black "Edvalson, Paul"]
[Result "0-1"]
[WhiteElo "895"]
[BlackElo "1604"]
[EventRounds "5"]
[EventCountry "USA"]

1. e4 c5 2. Nf3 g6 3. c3 Bg7 4. d4 cxd4 5. cxd4 d5 6. Nc3 dxe4 7. Nxe4 Nf6 8.
Bd3 Bg4 9. Qa4+ Nbd7 10. Ne5 Be6 11. Nxf6+ exf6 12. Nf3 O-O 13. O-O Nb6 14.
Qd1 Bg4 15. Be3 Nd5 16. h3 Nxe3 17. fxe3 Be6 18. e4 Bh6 19. d5 Bc8 20. Qa4
Qb6+ 21. Kh1 Qxb2 22. Rab1 Qc3 23. Rfc1 Bxc1 24. Bc4 Bxh3 25. Rb3 Bxg2+ 26.
Kxg2 Qc2+ 27. Kg3 Qxe4 28. d6 Qf4+ 29. Kh3 Qxd6 30. Rd3 Qc6 31. Qc2 Bh6 32.
Rc3 Qc8+ 33. Kg3 Qb8+ 34. Kf2 Qf4 {#R} 0-1

[Event "ICA Summer Classic (Open)"]
[Site "Boise, ID"]
[Date "2014.07.19"]
[Round "3.1"]
[White "Gorman, Cody Austin"]
[Black "Edvalson, Paul"]
[Result "1-0"]
[WhiteElo "1905"]
[BlackElo "1604"]
[EventRounds "5"]
[EventCountry "USA"]

1. d4 Nf6 2. c4 c5 3. d5 b5 4. cxb5 a6 5. bxa6 Bxa6 6. Nc3 g6 7. g3 Bg7 8. Bg2
d6 9. Nf3 Nbd7 10. Rb1 O-O 11. O-O Nb6 12. b3 c4 13. Be3 cxb3 14. axb3 Bb7 15.
Nh4 Nfd7 16. Bd4 Nf6 17. e4 Nbd7 18. Qd2 Ba6 19. Rfe1 Ng4 20. Bxg7 Kxg7 21.
Qg5 Ndf6 22. Nf5+ Kh8 23. Nd4 Ne5 24. Red1 Nd3 25. Bf1 Ne5 26. f4 Ned7 27. e5
dxe5 28. fxe5 Ng8 29. Bxa6 Rxa6 30. Qe3 Qc7 31. Nc6 Qb6 32. Qxb6 Rxb6 33. b4
f6 34. e6 Nb8 35. b5 Nh6 36. Nxe7 Ng4 37. d6 Ne5 38. Na4 Rb7 39. Nc5 Ra7 40.
Ra1 Nf3+ 41. Kg2 Rxa1 42. Rxa1 Nd4 43. Ra8 Nxb5 44. Nxg6+ hxg6 45. e7 Rg8 46.
Rxb8 Nxd6 47. Rd8 Ne8 48. Ne6 Kh7 49. Nf8+ Kg7 50. Rxe8 Kf7 51. Rb8 Kxe7 52.
Nd7 Rg7 53. Nc5 Kd6 54. Nd3 Ke6 55. Rb5 Rd7 56. Nc5+ {#r} 1-0

[Event "ICA Summer Classic (Open)"]
[Site "Boise, ID"]
[Date "2014.07.20"]
[Round "4.4"]
[White "Edvalson, Paul"]
[Black "Zlatnik, Sean"]
[Result "0-1"]
[WhiteElo "1604"]
[BlackElo "1705"]
[EventRounds "5"]
[EventCountry "USA"]

1. Nf3 f5 2. e4 fxe4 3. Ng5 Nf6 4. d3 e5 5. Nxe4 d5 6. Nxf6+ Qxf6 7. Nc3 Bc5
8. Qe2 Be6 9. g3 O-O 10. Nd1 Nc6 11. c3 e4 12. d4 Bxd4 13. cxd4 Nxd4 14. Qe3
Nc2+ 15. Kd2 Nxe3 16. Nxe3 Qxf2+ 17. Be2 d4 18. Nd1 e3+ 19. Kd3 Bf5+ 20. Kxd4
Qxe2 21. Nxe3 Qd3+ 22. Kc5 Qd6+ {#R} 0-1